000 00631cam a22002293a 4500
001 14040
003 PGUSA
005 20140828083312.0
008 041114s2004||||xxu|||||s|||||000 | eng d
040 _aPGUSA
_beng
042 _adc
050 4 _aPR
100 1 _aCrowley, Aleister,
_d1875-1947
245 1 0 _aHousehold Gods :
_bA Comedy
_h[electronic resource] /
_cAleister Crowley
260 _bProject Gutenberg,
_c2004
506 _aPublic domain in the USA.
516 _aElectronic text
653 _aEnglish drama
830 0 _aProject Gutenberg
_v14040
856 4 0 _uhttp://www.gutenberg.org/ebooks/14040
942 _cEB
999 _c243295
_d243295